Guess the best country possible - Statistics

General Stats
  • This quiz has been taken 51 times
  • The average score is 21 of 60
Answer Stats
Hint best Country % Correct
Gdp United States
83%
Gdp per Capita Monaco | Luxembourg
76%
Largest Russia
68%
Most Panda's China
63%
Safety Iceland
63%
Smallest Vatican City
61%
Most southern country Argentina
59%
Biggest island country Australia
59%
Most Penguins living Chile
56%
Tallest people Netherlands
56%
Most Kiwi animals New Zealand
56%
Happiest Finland
54%
Most Islands Sweden
54%
Most species Brazil
51%
Most colonies ever United Kingdom
51%
Most lakes Canada
49%
Most hinduism India
49%
Highest point of land above sea level Nepal
46%
Hdi Switzerland
46%
Most wars won France
41%
Quality of life Sweden
41%
Most mangroves Indonesia
39%
Oldest flag Denmark
37%
Least Freedom North Korea
37%
Highest GDP (Europe) Germany
34%
Lowest point of land under sea level Israel | Jordan
34%
Best passport Japan
34%
Highest GDP (Middle East) Saudi Arabia
34%
Most educated country South Korea
34%
Most piramids Sudan
34%
Most visited country in asia Turkey
34%
Highest Building United Arab Emirates
34%
Best future country Norway
32%
Highest GDP (Africa) South Africa
32%
Newest Country South Sudan
32%
Least Happiest Afghanistan
29%
Highest fertility rate Niger
29%
Global Reading Achievement Singapore
29%
Most oil reserves Venezuela
29%
Fastest Person Jamaica
27%
Highest average elevation Bhutan
24%
Friendlist country (Europe) Ireland
24%
Highest average elevation (Europe) Andorra
22%
Least people per square kilometers/miles (Africa) Namibia
22%
Highest population country without a olympic medal Bangladesh
20%
Most bombed Laos
20%
Lowest fertility rate Taiwan
20%
Least Visited Country Tuvalu
17%
Most Maki's Madagascar
15%
Most remote Country Nauru
15%
Most nobel prizes per capita Saint Lucia
15%
Most wars losed Bolivia
12%
Shortest people East Timor
12%
Most alcohol production per capita Seychelles
12%
Lowest average elevation Maldives
10%
Lowest population country withat least one olympic medal San Marino
10%
Most camels Somalia
10%
Lowest poverty rate Slovenia
7%
Most diversed Liberia
5%
Newest flag Mauritania
5%
No matching quizzes found
Score Distribution
Percent of People with Each Score
Percentile by Number Answered
Your Score History
You have not taken this quiz